| 000 | 00703nam a2200229 4500 | ||
|---|---|---|---|
| 005 | 20161125154604.0 | ||
| 008 | 161125b xxu||||| |||| 00| 0 eng d | ||
| 020 |
_a9781781681107 _c595.00 |
||
| 040 | _aLoreto College | ||
| 041 | _aEnglish | ||
| 082 |
_a940 _bTAW |
||
| 100 | _aTawney,R.H. | ||
| 245 |
_aReligion and the rise of capitalism _bA historical study _cR.H.Tawney with a prefatory note by Dr Charles Gore |
||
| 260 |
_aLondon _bVerso _c2015 |
||
| 300 |
_axvi,334p _b22cm |
||
| 440 | _aVerso world history series | ||
| 504 | _aIncludes bibliographical references | ||
| 650 | _aCapitalism and religion in Europe | ||
| 651 | _aHistory-Capitalism-Europe | ||
| 850 | _aLCLIB | ||
| 942 | _cBK | ||
| 999 |
_c40796 _d91275 |
||